Biggest Cities I've Been To (PolskaStronk) - Statistics

General Stats
  • This quiz has been taken 10 times
    3 since last reset
  • The average score is 12 of 24
Answer Stats
UN Region Population Answer % Correct
Eastern Europe 779,000 Kraków
100%
Northern America 8,804,190 New York
100%
Eastern Europe 1,791,000 Warsaw
100%
Eastern Europe 643,000 Wrocław
100%
Western Europe 3,769,000 Berlin
67%
Northern America 2,694,000 Chicago
67%
Northern America 876,000 Indianapolis
67%
Northern Europe 8,962,000 London
67%
Northern America 1,681,000 Phoenix
67%
South America 5,220,000 Santiago
67%
Northern America 2,794,356 Toronto
67%
Northern America 631,000 Vancouver
67%
Western Europe 753,000 Frankfurt
33%
Northern America 2,320,000 Houston
33%
Northern America 1,762,949 Montreal
33%
Northern America 1,017,449 Ottawa
33%
Western Europe 2,148,000 Paris
33%
Eastern Europe 1,323,000 Prague
33%
Northern America 531,902 Quebec City
33%
Northern America 609,000 Seattle
33%
Northern America 548,000 Tucson
33%
Northern America 767,000 Louisville
0%
Northern America 633,104 Memphis
0%
Northern America 706,000 Washington
0%
No matching quizzes found
Score Distribution
Percent of People with Each Score
Percentile by Number Answered
Your Score History
You have not taken this quiz since the last reset